| 000 | 00662cam a22002293a 4500 | ||
|---|---|---|---|
| 001 | 44886 | ||
| 003 | PGUSA | ||
| 005 | 20140828084026.0 | ||
| 008 | 140213s2014||||xxu|||||s|||||000 | eng d | ||
| 040 |
_aPGUSA _beng |
||
| 042 | _adc | ||
| 100 | 1 | _aStrabo | |
| 245 | 1 | 4 |
_aThe Geography of Strabo, Volume III (of 3) : _bLiterally Translated, with Notes _h[electronic resource] / _cStrabo |
| 260 |
_bProject Gutenberg, _c2014 |
||
| 506 | _aPublic domain in the USA. | ||
| 516 | _aElectronic text | ||
| 700 | 1 | _aFalconer, W. | |
| 700 | 1 | _aHamilton, H. C. | |
| 830 | 0 |
_aProject Gutenberg _v44886 |
|
| 856 | 4 | 0 | _uhttp://www.gutenberg.org/ebooks/44886 |
| 942 | _cEB | ||
| 999 |
_c274137 _d274137 |
||